| Tag |
First Indicator |
Second Indicator |
Subfields |
| LEADER |
00000cam a2200000Ia 4500 |
| 001 |
in00002007201 |
| 005 |
20220105141915.0 |
| 006 |
m d |
| 007 |
cr cnu---unuuu |
| 008 |
040714s2004 nju s 001 0 eng d |
| 020 |
|
|
|a 0764576321 (electronic bk.)
|
| 035 |
|
|
|a (OCoLC)ocm55941541
|
| 040 |
|
|
|a N$T
|c N$T
|d OCLCQ
|d UtOrBLW
|
| 049 |
|
|
|a IKMN
|
| 050 |
1 |
4 |
|a QA76.8.S645
|b .A85 2004eb
|
| 082 |
0 |
4 |
|a 004.16
|2 22
|
| 100 |
1 |
|
|a Atkin, Denny.
|0 http://id.loc.gov/authorities/names/n93026799
|
| 245 |
1 |
0 |
|a Sony CLIÉ for dummies /
|c by Denny Atkin.
|
| 264 |
|
1 |
|a Hoboken, NJ :
|b Wiley Pub.,
|c [2004]
|
| 264 |
|
4 |
|c ©2004
|
| 336 |
|
|
|a text
|b txt
|2 rdacontent
|
| 337 |
|
|
|a computer
|b c
|2 rdamedia
|
| 338 |
|
|
|a online resource
|b cr
|2 rdacarrier
|
| 490 |
1 |
|
|a --For dummies
|
| 538 |
|
|
|a Mode of access: World Wide Web.
|
| 506 |
|
|
|a Made available through NetLibrary; access may be limited to NetLibrary affiliated libraries.
|
| 500 |
|
|
|a Title from ebook title screen (viewed July 14, 2004).
|
| 500 |
|
|
|a Includes index.
|
| 500 |
|
|
|a Electronic resource.
|
| 650 |
|
0 |
|a Sony Clié (Computer)
|0 http://id.loc.gov/authorities/subjects/sh2003008456
|
| 650 |
|
0 |
|a Pocket computers.
|0 http://id.loc.gov/authorities/subjects/sh93005979
|
| 650 |
|
0 |
|a Portable computers.
|0 http://id.loc.gov/authorities/subjects/sh85105056
|
| 650 |
|
0 |
|a Personal information management
|x Computer programs.
|0 http://id.loc.gov/authorities/subjects/sh2008109081
|
| 655 |
|
7 |
|a Electronic books.
|2 local
|
| 710 |
2 |
|
|a NetLibrary, Inc.
|0 http://id.loc.gov/authorities/names/no99080690
|
| 830 |
|
0 |
|a --For dummies.
|0 http://id.loc.gov/authorities/names/n92122684
|
| 856 |
4 |
1 |
|u https://proxy.library.tamu.edu/login?url=http://www.netLibrary.com/urlapi.asp?action=summary&v=1&bookid=112922
|z Connect to the full text of this electronic book
|t 0
|
| 994 |
|
|
|a 92
|b IKM
|
| 999 |
|
|
|a MARS
|
| 999 |
f |
f |
|s 3230886a-d232-3eac-9839-3ef065ee68d0
|i 8609e1f8-cd75-3bb5-839a-b6fdcaacdb3f
|t 0
|
| 952 |
f |
f |
|a Texas A&M University
|b College Station
|c Electronic Resources
|d Available Online
|t 0
|e QA76.8.S645 .A85 2004eb
|h Library of Congress classification
|
| 998 |
f |
f |
|a QA76.8.S645 .A85 2004eb
|t 0
|l Available Online
|